MARC
| LEADER | 00000nam a22000007a 4500 | ||
|---|---|---|---|
| 008 | 210121b ||||| |||| 00| 0 eng d | ||
| 020 | |a 978-1-4462-5251-2 | ||
| 245 | |a MENTAL health policy for nurses |c Ian Hulatt |g xii, 252p. | ||
| 250 | |c Ian Hulatt | ||
| 260 | |b Sage |c 2014 |h Los Angeles: |i 693277 |i 693278 |l RC440 .M52 |m Mental health policy – Great Britain. |m Mental health laws – Great Britain. |m Psychiatric nursing – Government policy – Great Britain. | ||
| 500 | |a “It includes bibliography and index.” | ||
| 942 | |a lcc |c BK |e Adeniran, F. A |f 21/01/2021 | ||
| 952 | |0 0 |1 0 |2 lcc |4 0 |6 RC0440 M52 |7 0 |9 1436 |a HOL |b HE |c QZ |d 2021-01-21 |l 0 |o RC440 .M52 |p 2021-0234 |r 2021-01-21 00:00:00 |w 2021-01-21 |y BK | ||
| 952 | |0 0 |1 0 |2 lcc |4 0 |6 RC0440 M52 |7 0 |9 2265 |a HOL |b HOL |c QZ |d 2021-04-20 |l 0 |o RC440 .M52 |p 2021-6119 |r 2021-04-20 00:00:00 |w 2021-04-20 |y BK | ||
| 999 | |c 743 |d 743 | ||